000 00287nam a22001337a 4500
008 170907b xxu||||| |||| 00| 0 eng d
020 _a9780130502254
041 _aeng
080 _a91
100 _a42
101 _aGJEO
245 _aEUROPE AND RUSSIA
_cJACOBS,H,H
942 _2udc
_cBK
999 _c26631
_d26631